000 00423nam a22001817a 4500
003 NUST
020 _a9788131711040
038 _akhadija
082 _a658.4034
_bTAH
100 _aTaha, Hamdy A.
_987200
245 _aOperations Research /
_cHamdy A. Taha
250 _a8th ed.
260 _aNew Delhi:
_bPearson,
_c2008.
300 _a733 p. ;
_b23 cm.
_eCD.
500 _aPaperback.
563 _aPB
942 _cBK
_2ddc
999 _c32779
_d32779